000 00290 a2200121 4500
001 75688
005 20260304162119.0
010 _a2-7436-00497
090 _a75688
100 _a20260304 pory50
200 _aConsidérations morales
_fHannah Arendt
210 _cPayot & Rivages
_d1996
942 _cMON